UK Top 50 Universities 2017 According To The University Guide - Statistics

General Stats
  • This quiz has been taken 1,200 times
  • The average score is 26 of 50
Answer Stats
Hint Answer % Correct
1 Cambridge
99%
2 Oxford
99%
25 Manchester
89%
19 Edinburgh
85%
38 Liverpool
82%
29 Glasgow
81%
24 Bristol
79%
16 Leeds
79%
15 Birmingham
78%
35 Cardiff
77%
26 Newcastle
75%
6 Durham
72%
5 St. Andrews
71%
22 Nottingham
70%
20 York
67%
13 Exeter
66%
11 Bath
65%
3 London School of Economics
65%
17 Southampton
65%
10 University College London
65%
28 Sheffield
64%
4 Imperial College London
60%
8 Warwick
59%
42 Aberdeen
57%
21 King's College London
57%
32 Leicester
57%
45 Swansea
56%
33 Queen's, Belfast
51%
9 Lancaster
45%
7 Loughborough
45%
27 Reading
44%
23 Kent
42%
18 Sussex
41%
36 Dundee
39%
14 East Anglia
36%
31 Queen Mary, Univeristy of London
36%
50 Coventry
35%
41 Essex
34%
49 Lincoln
34%
12 Surrey
34%
37 Royal Holloway, University of London
26%
30 Aston
22%
47 Keele
20%
43 SOAS, University of London
19%
48 Strathclyde
18%
39 Stirling
17%
40 University of London, City
15%
34 Heriot-Watt
12%
44 St. George's University of London
9%
46 Harper Adams
3%
No matching quizzes found
Score Distribution
Percent of People with Each Score
Percentile by Number Answered
Your Score History
You have not taken this quiz